000 00301nam a2200121Ia 4500
008 190216s9999||||xx |||||||||||||| ||und||
100 _aVasudeva Menon Pattathil
245 0 _aChittum Chikidayum
260 _bPoorna Pubs Kozhikode
_c1987
300 _a92
650 _aMalayalam Kathakal
942 _cBK
999 _c28209
_d28209